Defenders of Pakistan / (Record no. 63592)

000 -LEADER
fixed length control field 00948nam a2200289 a 4500
001 - CONTROL NUMBER
control field 1033495
003 - CONTROL NUMBER IDENTIFIER
control field NUST - PNEC
005 - DATE AND TIME OF LATEST TRANSACTION
control field 20170116180818.0
008 - FIXED-LENGTH DATA ELEMENTS--GENERAL INFORMATION
fixed length control field 910314s1988 pk ab 000 0 eng
010 ## - LIBRARY OF CONGRESS CONTROL NUMBER
LC control number 88930975
020 ## - INTERNATIONAL STANDARD BOOK NUMBER
International Standard Book Number 9690010026
040 ## - CATALOGING SOURCE
Original cataloging agency DLC
Transcribing agency DLC
043 ## - GEOGRAPHIC AREA CODE
Geographic area code a-pk---
050 00 - LIBRARY OF CONGRESS CALL NUMBER
Classification number UA853.P3
Item number T48 1988
082 00 - DEWEY DECIMAL CLASSIFICATION NUMBER
Classification number 355.459549 MOH
100 1# - MAIN ENTRY--PERSONAL NAME
Personal name Mohammad Amin
9 (RLIN) 3805
245 10 - TITLE STATEMENT
Title Defenders of Pakistan /
Statement of responsibility, etc. [photography by] Mohamed Amin, Masud Quraishy, Duncan Willetts ; [text by] Brian Tetley.
260 ## - PUBLICATION, DISTRIBUTION, ETC.
Place of publication, distribution, etc. Lahore, Pakistan :
Name of publisher, distributor, etc. Ferozsons,
Date of publication, distribution, etc. 1988.
300 ## - PHYSICAL DESCRIPTION
Extent 198 p. :
Other physical details col. ill., col. map ;
Dimensions 33 cm.
651 #0 - SUBJECT ADDED ENTRY--GEOGRAPHIC NAME
Geographic name Pakistan
General subdivision Armed Forces
-- Pictorial works.
700 1# - ADDED ENTRY--PERSONAL NAME
Personal name Amin, Mohamed,
Dates associated with a name 1943-
700 1# - ADDED ENTRY--PERSONAL NAME
Personal name Quraishy, Masud,
Dates associated with a name 1934-
700 1# - ADDED ENTRY--PERSONAL NAME
Personal name Willetts, Duncan.
906 ## - LOCAL DATA ELEMENT F, LDF (RLIN)
a 7
b cbc
c orignew
d 3
e ncip
f 19
g y-gencatlg
942 ## - ADDED ENTRY ELEMENTS (KOHA)
Source of classification or shelving scheme
Koha item type Book
Holdings
Withdrawn status Lost status Source of classification or shelving scheme Damaged status Not for loan Permanent Location Current Location Shelving location Date acquired Source of acquisition Total Checkouts Full call number Barcode Date last seen Price effective from Koha item type Cost, normal purchase price Cost, replacement price
          Pakistan Navy Engineering College (PNEC) Pakistan Navy Engineering College (PNEC)   07/21/1988 HQs Comkar Karachi   355.459549 MOH PNECLIB-011775 06/09/2015 06/09/2015 Book    
          Pakistan Navy Engineering College (PNEC) Pakistan Navy Engineering College (PNEC)   05/31/1988 Progressive agency/Library/Reference Grant   355.459549 MOH PNECLIB-011428 06/09/2015 06/09/2015 Book 427.50 427.50
© 2023 Central Library, National University of Sciences and Technology. All Rights Reserved.